000 00566nam a2200121Ia 4500
008 171212s9999 xx 000 0 und d
020 _a9781921536281
245 _ceditor Jolly, Margaret;Tcherkézoff, Serge;Tryon, Darrell
_aOceanic Encounters
_bExchange, Desire, Violence
260 _bANU E Press
_c2009
650 _aAnthropology
650 _aPacific Islanders -- First contact with Europeans; Cultural relations; Pacific Area -- Colonization; Pacific Area -- History; Pacific Area -- Discovery and exploration
856 _uwww.jstor.org/stable/10.2307/j.ctt24h8jn
999 _c351233
_d351233